[Event "EIWCC 2018"]
[Site "Vysoke Tatry"]
[Date "2018.04.11"]
[Round "4"]
[White "Kursova, Maria"]
[Black "Sucikova, Svetlana"]
[Result "1-0"]
[WhiteElo "2278"]
[BlackElo "2107"]
[Annotator "NA"]
[PlyCount "81"]
[EventDate "2018.??.??"]
[EventType "swiss"]
[EventCountry "SVK"]
[SourceTitle "playchess.com"]
[Source "ChessBase"]
[SourceQuality "1"]
[TimeControl "40/5400+30:1800+30"]

1. d4 {[%emt 0:00:00]} d5 {[%emt 0:00:22]} 2. Nf3 {[%emt 0:00:00]} Nf6 {[%emt 0:01:04]} 3. c4 {[%emt 0:00:09]} dxc4 {[%emt 0:01:00]} 4. e3 {[%emt 0:00:20]} e6 {[%emt 0:00:18]} 5. Bxc4 {[%emt 0:00:23]} c5 {[%emt 0:01:10]} 6. O-O {[%emt 0:00:36]} a6 {[%emt 0:00:24]} 7. b3 {[%emt 0:00:22]} b5 {[%emt 0:07:15]} 8. Be2 {[%emt 0:00:54]} Bb7 {[%emt 0:00:08]} 9. Bb2 {[%emt 0:08:57]} Nbd7 {[%emt 0:01:15]} 10. Nbd2 {[%emt 0:02:15]} Be7 {[%emt 0:00:31]} 11. a4 {[%emt 0:01:21]} b4 {[%emt 0:00:55]} 12. Rc1 {[%emt 0:03:58] D27: Queen's Gambit Accepted: Classical main line: 7 e4!? and 7 a4} Rc8 {[%emt 0:03:31] LiveBook: 3 Games} (12... O-O 13. dxc5 Bxc5 14. Ne5 Rc8 15. Bf3 Nd5 16. Nxd7 Qxd7 17. Nc4 Qe7 18. Qe2 Ba7 19. g3 Bb8 {½-½ (58) Aronian,L (2793)-Caruana,F (2808) Stavanger 2017}) 13. Rc2 {[%emt 0:26:54]} O-O {[%emt 0:05:36]} 14. Qa1 $146 {[%emt 0:01:59]} ({Predecessor:} 14. Qb1 cxd4 15. Rxc8 Qxc8 16. Rc1 Qa8 17. Bxd4 Nd5 18. e4 Nf4 19. Bf1 Nf6 {0-1 (51) Kislik,E (2362)-Hera,I (2566) Budapest 2014}) 14... cxd4 {[%emt 0:00:33]} 15. Rxc8 {[%emt 0:01:32]} Qxc8 {[%emt 0:00:09]} 16. Bxd4 {[%emt 0:03:51]} Qa8 {[%emt 0:04:35]} 17. Nc4 {[%emt 0:03:28]} Rd8 {[%emt 0:06:51]} 18. Rc1 {[%emt 0:03:34]} Bd5 {[%emt 0:02:52]} 19. a5 {[%emt 0:10:22]} Qb7 {[%emt 0:03:23]} 20. Ne1 $11 {[%emt 0:06:41]} Bc5 {[%emt 0:22:57]} 21. Nb6 {[%emt 0:04:30]} Bxd4 {[%emt 0:02:22]} 22. Qxd4 {[%emt 0:00:55]} Bxb3 {[%emt 0:07:53]} 23. Qxb4 {[%emt 0:00:46]} Ba2 {[%emt 0:07:09]} 24. Ra1 {[%emt 0:04:52]} Bd5 {[%emt 0:02:51]} 25. Nxd5 {[%emt 0:00:06]} Qxd5 {[%emt 0:00:04]} 26. Bxa6 {[%emt 0:00:12]} Rb8 {[%emt 0:00:37]} 27. Qd4 {[%emt 0:01:17]} Qxd4 {[%emt 0:03:06]} 28. exd4 {[%emt 0:00:03]} Nd5 {[%emt 0:02:18]} 29. g3 {[%emt 0:07:24]} Nb4 {[%emt 0:01:24]} 30. Bc4 {[%emt 0:00:29]} Ra8 {[%emt 0:01:37]} 31. Ra4 {[%emt 0:03:20]} Nc6 {[%emt 0:02:41]} 32. Bb5 {[%emt 0:02:06]} Ndb8 {[%emt 0:00:29]} 33. a6 {[%emt 0:00:23]} Kf8 {[%emt 0:01:34]} 34. Nf3 {[%emt 0:01:23]} Ke7 {[%emt 0:02:09]} 35. Ne5 {[%emt 0:00:12]} Nxe5 {[%emt 0:03:42]} 36. dxe5 {[%emt 0:00:01]} Ra7 {[%emt 0:00:06]} 37. Rd4 {[%emt 0:02:02]} Rc7 {[%emt 0:00:53]} 38. Rd6 {[%emt 0:00:10]} Ra7 {[%emt 0:02:01]} 39. Kg2 {[%emt 0:00:42]} g5 {[%emt 0:00:11]} 40. Kf3 {[%emt 0:00:00]} f6 {[%emt 0:00:11]} 41. Rb6 {[%emt 0:02:31]} 1-0

[Event "EIWCC 2018"]
[Site "Vysoke Tatry"]
[Date "2018.04.11"]
[Round "4"]
[White "Mamedjarova, Turkan"]
[Black "Schleining, Zoya"]
[Result "1/2-1/2"]
[WhiteElo "2274"]
[BlackElo "2382"]
[Annotator "NA"]
[PlyCount "66"]
[EventDate "2018.??.??"]
[EventType "swiss"]
[EventCountry "SVK"]
[SourceTitle "playchess.com"]
[Source "ChessBase"]
[SourceQuality "1"]
[TimeControl "40/5400+30:1800+30"]

{[%evp 13,52,-28,-17,32767,32767,32767,-26,-21,-16,-38,-22,-37,-35,-48,-28,-77,-77,32767,-72,-80,-82,-122,-89,-106,-94,-89,-66,-100,-81,32767,32767,-83,32767,32767,32767,32767,32767,32767,32767,-68,-33]} 1. d4 {[%emt 0:00:00]} Nf6 {[%emt 0:00:06]} 2. Nc3 {[%emt 0:00:00]} d5 {[%emt 0:00:17]} 3. Bg5 {[%emt 0:00:00]} Nbd7 {[%emt 0:02:05]} 4. e3 {[%emt 0:00:11]} e6 {[%emt 0:02:24]} 5. Nf3 {[%emt 0:00:27]} h6 {[%emt 0:02:43] D01: Veresov Opening} (5... c5 6. dxc5 Bxc5 7. Bd3 h6 8. Bh4 Be7 9. O-O O-O 10. Qe2 Nc5 11. Rfd1 b6 12. Ne5 Bb7 13. Nb5 {½-½ (114) Sean,W (2403)-Shyam,S (2536) Ho Chi Minh City 2017}) 6. Bf4 {[%emt 0:01:45]} a6 {[%emt 0:03:51]} 7. Bd3 {[%emt 0:00:52] LiveBook: 5 Games} c5 {[%emt 0:01:07]} 8. O-O {[%emt 0:00:19]} c4 {[%emt 0:04:54]} 9. Be2 {[%emt 0:00:06]} b5 {[%emt 0:02:06]} 10. a3 {[%emt 0:03:13]} Bb7 {[%emt 0:03:45]} 11. Ne5 {[%emt 0:06:38]} Be7 $146 {[%emt 0:05:42]} ({Predecessor:} 11... Nxe5 12. Bxe5 Be7 13. Re1 {0-1 (53) Galue,M (2007)-Pereira,N (2051) ICCF email 2014}) 12. Bg3 {[%emt 0:02:16]} Nxe5 {[%emt 0:14:08]} 13. Bxe5 {[%emt 0:03:38]} O-O {[%emt 0:01:39]} 14. Bxf6 {[%emt 0:00:18]} Bxf6 {[%emt 0:00:06]} 15. f4 {[%emt 0:00:07]} Bc6 {[%emt 0:07:53]} 16. Bg4 {[%emt 0:21:18]} Qb6 {[%emt 0:06:17]} 17. Kh1 {[%emt 0:06:12]} g6 {[%emt 0:09:27]} 18. Bf3 {[%emt 0:00:18]} a5 {[%emt 0:01:10]} 19. g4 {[%emt 0:01:10]} b4 {[%emt 0:01:02]} 20. Ne2 {[%emt 0:03:56]} bxa3 {[%emt 0:02:04]} 21. bxa3 {[%emt 0:00:08]} Rab8 {[%emt 0:00:43]} 22. Qd2 {[%emt 0:05:19]} Qd8 {[%emt 0:02:41] [#]} 23. f5 $1 {[%emt 0:01:44]} Bg5 {[%emt 0:06:22]} 24. Bg2 {[%emt 0:01:18]} exf5 {[%emt 0:05:16]} 25. gxf5 {[%emt 0:00:48]} Qd6 {[%emt 0:00:09]} 26. Nf4 {[%emt 0:04:50]} Rbe8 {[%emt 0:00:48]} 27. fxg6 {[%emt 0:12:35]} fxg6 {[%emt 0:00:02]} 28. Qxa5 {[%emt 0:00:05]} Rxe3 {[%emt 0:05:21]} 29. Bxd5+ {[%emt 0:02:07]} Bxd5+ {[%emt 0:00:15]} 30. Qxd5+ {[%emt 0:04:47]} Qxd5+ {[%emt 0:00:06]} 31. Nxd5 {[%emt 0:00:02]} Rxf1+ {[%emt 0:00:32]} 32. Rxf1 {[%emt 0:00:02]} Rxa3 {[%emt 0:00:12]} 33. c3 {[%emt 0:01:58]} Bd2 {[%emt 0:03:00]} 1/2-1/2

[Event "EIWCC 2018"]
[Site "Vysoke Tatry"]
[Date "2018.04.11"]
[Round "4"]
[White "Manakova, Maria"]
[Black "Trippold, Denise"]
[Result "1-0"]
[WhiteElo "2268"]
[BlackElo "2067"]
[Annotator "TA"]
[PlyCount "123"]
[EventDate "2018.??.??"]
[EventType "swiss"]
[EventCountry "SVK"]
[SourceTitle "playchess.com"]
[Source "ChessBase"]
[SourceQuality "1"]

{[%evp 12,123,15,18,16,11,32,37,48,51,54,0,63,15,70,20,101,53,118,54,108,35,50,8,20,8,16,0,97,0,11,3,20,-6,30,45,27,36,74,84,120,110,156,157,332,337,303,127,118,128,122,122,128,123,122,103,96,78,95,78,75,50,87,45,41,44,54,45,49,43,54,48,52,52,52,35,65,64,60,45,78,54,68,68,73,70,75,69,105,108,192,192,266,267,256,220,249,221,215,210,352,251,576,567,549,547,29974,29975,29977,29978,29980,29981,29979,29980]} 1. d4 d5 2. Nf3 Nf6 3. Bf4 e6 4. e3 c5 5. c3 Nc6 6. Bd3 cxd4 7. exd4 {LiveBook: 27 Games} Nh5 {B13: Caro-Kann: Exchange Variation and Panov-Botvinnik Attack} (7... Bd6 8. Bxd6 Qxd6 9. O-O O-O 10. Nbd2 {½-½ (10) Rasulov,V (2509)-Benidze,D (2476) Canakkale 2017}) 8. Bg5 f6 9. Be3 $146 ({Find the theoretical novelty and annotate with similar games:} 9. Ne5 Nxe5 10. dxe5 g6 11. Bh4 Be7 12. exf6 Bxf6 13. Bxf6 Qxf6 14. Bb5+ Bd7 15. Bxd7+ Kxd7 {1-0 (48) Nussbaum,S-Musch,J Bad Marienberg 1993}) 9... g6 {White is slightly better.} 10. O-O Bd6 11. Bh6 (11. c4 $14) 11... Kf7 (11... Bf4 $11 12. Bxf4 Nxf4) 12. Re1 Bd7 (12... Bf4 $11 13. Bxf4 Nxf4) 13. c4 Ne7 (13... Bf4 $11 {keeps the balance.} 14. Bxf4 Nxf4) 14. Nc3 {Hoping for cxd5.} (14. g3 {NOTEXT} Re8 15. c5 Bc7 16. Nc3 Kg8 17. b4) 14... Nf4 (14... Bf4 $14 15. cxd5 Nxd5 16. Nxd5 exd5 17. Bxf4 Nxf4) 15. cxd5 (15. Bf1 $16) 15... Nexd5 (15... Nfxd5 $14 16. Rc1 Qb6) 16. Bxf4 ({Much weaker is} 16. Nxd5 $6 Nxd5 17. Nd2 Qb8 $11) (16. Be4 $16) 16... Bxf4 $14 17. Nxd5 exd5 18. Qb3 {Black must now prevent Re4.} Bc6 $1 19. g3 Bh6 {[#]} (19... Bd6 $11) 20. Nh4 ({Better is} 20. h4 $1 $16) 20... Qd7 21. Qc2 Rhg8 22. Re2 Rac8 23. Rae1 $36 {[%mdl 2048] aiming for Bf5! Black is under pressure.} Bf8 24. a3 Ba4 25. Qd2 Qc7 26. Ng2 {[%cal Bh4g2,Bg2f4,Bf4d5][%mdl 32]} Kg7 27. Nf4 Bd7 $2 (27... Kh8 $16 28. Ne6 (28. Nxd5 Qd8 $16) 28... Qf7) 28. Nxd5 $18 Qd6 29. Re7+ (29. Ne7 $18) 29... Kh8 $16 30. Rxd7 $1 Qxd7 31. Nxf6 Qxd4 32. Nxg8 Kxg8 33. Qe2 Rd8 34. Bc4+ Kh8 35. b4 Bg7 36. Bb3 Qc3 37. Qe3 (37. Rd1 {NOTEXT} Rxd1+ 38. Bxd1 Bf6 39. Qe8+ Kg7 40. Qd7+) 37... Qxe3 38. Rxe3 $14 {[%mdl 4096] Endgame KRB-KRB} Bf6 39. Kg2 Kg7 40. h4 b6 41. Bc4 a5 42. bxa5 bxa5 43. Rb3 Rd7 44. Rb5 Bc3 45. Bd5 Bd2 46. Be6 Re7 47. Bb3 Bc3 48. g4 h6 49. Rc5 Bd2 50. Rc6 g5 {[#]} (50... Re4 $16) 51. h5 $1 $18 Bf4 (51... Re4 {was worth a try.} 52. Rg6+ Kf8) 52. Rg6+ Kh7 53. Bg8+ Kh8 {If Black can now play ...Rg7 this consolidates a bit.} 54. Be6 Be5 55. Bf5 Bb2 (55... Bg7 $142 56. Ra6 Kg8 57. Rxa5 Re1) 56. a4 Bc3 $2 (56... Bg7 57. Ra6 Kg8 58. Rxa5 Kf8) 57. Rxh6+ Kg8 58. Rg6+ Rg7 59. Rc6 {White mates.} Bb4 60. Rc8+ Kf7 61. h6 Rg8 {[#]} 62. Be6+ $1 {[%mdl 512] Precision: White = 52%, Black = 27%.} 1-0

[Event "EIWCC 2018"]
[Site "Vysoke Tatry"]
[Date "2018.04.11"]
[Round "4"]
[White "Sandu, Mihaela"]
[Black "Gara, Anita"]
[Result "1/2-1/2"]
[WhiteElo "2240"]
[BlackElo "2369"]
[Annotator "TA"]
[PlyCount "111"]
[EventDate "2018.??.??"]
[EventType "swiss"]
[EventCountry "SVK"]
[SourceTitle "playchess.com"]
[Source "ChessBase"]
[SourceQuality "1"]

{[%evp 20,111,28,-16,-10,-27,-27,-170,-175,-189,-168,-186,-180,-187,-178,-187,-182,-188,-178,-204,-196,-193,-163,-189,-198,-269,-275,-319,-313,-304,-291,-339,-335,-319,-325,-322,-313,-340,-312,-314,-263,-322,-302,-376,-360,-381,-375,-359,-350,-557,-531,-524,-403,-412,-388,-317,-321,-429,-256,-606,-592,-562,-560,-654,-662,-653,-632,-739,-710,-769,-835,-812,-796,-778,-727,-610,-29,-36,-30,-41,-38,-71,0,0,0,0,0,0,0,0,0,0,0,0]} 1. e4 c5 2. Nf3 e6 3. d4 cxd4 4. Nxd4 Nc6 5. Nc3 Qc7 6. f4 a6 7. Nxc6 Qxc6 8. Bd3 b5 9. Qe2 Bb7 10. Bd2 Rc8 {B47: Sicilian: Taimanov: 5 Nc3 Qc7 6 f4, 6 g3 and 6 Be2} (10... Bc5 11. O-O-O Ne7 12. a3 O-O 13. Qh5 f6 14. Rhf1 Rf7 15. g4 b4 16. axb4 Bxb4 17. e5 f5 18. Rg1 Rc8 {0-1 (53) Saric,I (2669)-Harikrishna,P (2744) Riadh 2017}) 11. O-O {LiveBook: 6 Games} b4 12. Nd5 $146 ({Predecessor:} 12. Nd1 Nf6 13. Nf2 Bc5 14. Kh1 O-O 15. Rae1 d6 16. c3 a5 17. cxb4 Bxb4 18. Rc1 {½-½ (89) Tsanas,A (2283)-Banikas,H (2538) Athens 2004}) 12... f5 $1 {[%cal Rf5e4] Strongly threatening ...fxe4.Black has an edge.} 13. c4 {[#]} (13. Ne3 $1 $11) 13... fxe4 $1 $19 14. Bxe4 Qxc4 15. Qxc4 Rxc4 16. Nf6+ Nxf6 17. Bxb7 Bc5+ 18. Kh1 Rc2 19. Rfc1 Rxd2 20. Rxc5 {[#] Threatens to win with Rc8+.} O-O 21. Rb1 Ng4 22. Bxa6 (22. f5 $142) 22... Rxf4 23. Rc4 Rxc4 24. Bxc4 {[%mdl 4096] Endgame KRB-KRN} Ne3 25. Bb5 d5 (25... Nxg2 $2 26. Bxd7 Nf4 27. Bc6 $19) 26. a4 bxa3 $1 (26... Rxg2 27. Re1 $11) 27. bxa3 Ra2 ({Worse is} 27... Rxg2 28. Rb3 $16) ({Don't do} 27... Nxg2 28. Ra1) 28. a4 Kf7 ({Not} 28... Rxg2 29. Rb3 $16) 29. g3 g5 30. h3 h5 31. Rc1 Kf6 32. Rc8 g4 33. hxg4 hxg4 34. Rg8 (34. Rc3 {is a better defense.} d4 35. Rb3) 34... d4 35. Re8 Kf7 36. Rd8 Nf5 37. Kg1 Ra3 38. Kf2 e5 (38... Rf3+ $142 39. Ke2 Nxg3+ 40. Kd1 Nf5) 39. Re8 $2 (39. Be2) 39... Rf3+ 40. Ke1 Re3+ 41. Kd1 Nd6 42. Rb8 Rxg3 43. Bc6 e4 44. Rb4 Rd3+ 45. Ke2 g3 46. a5 Ke6 47. a6 Nc8 $2 (47... Ra3 $19 48. Rxd4 Ra2+ 49. Kf1 Rxa6 50. Rxd6+ Kxd6 51. Bxe4 Ra2) 48. Rb8 $1 $11 Re3+ 49. Kf1 Na7 50. Bb7 d3 (50... Kd6 $17 {Hoping for ...Kc5.} 51. Re8 Rf3+ 52. Kg1 Ra3 53. Bxe4 Rxa6) 51. Rd8 {The position is equal.} Ke5 52. Kg2 Re2+ 53. Kxg3 d2 54. Rd5+ Ke6 55. Kf4 e3 {next ...Re1 is good for Black.} (55... Ke7 $5) 56. Rd3 {Precision: White = 34%, Black = 80%.} 1/2-1/2

[Event "EIWCC 2018"]
[Site "Vysoke Tatry"]
[Date "2018.04.11"]
[Round "4"]
[White "Rodshtein, Tereza"]
[Black "Kaliadzich, Maryia"]
[Result "1/2-1/2"]
[WhiteElo "2226"]
[BlackElo "2078"]
[Annotator "ChessBase"]
[PlyCount "92"]
[EventDate "2018.??.??"]
[EventType "swiss"]
[EventCountry "SVK"]
[SourceTitle "playchess.com"]
[Source "ChessBase"]
[SourceQuality "1"]
[TimeControl "40/5400+30:1800+30"]

1. e4 {[%emt 0:00:00]} c6 {[%emt 0:00:08]} 2. d4 {[%emt 0:00:00]} d5 {[%emt 0:00:05]} 3. Nd2 {[%emt 0:00:00]} dxe4 {[%emt 0:00:05]} 4. Nxe4 {[%emt 0:00:00]} Bf5 {[%emt 0:00:03]} 5. Ng3 {[%emt 0:00:04]} Bg6 {[%emt 0:00:04]} 6. h4 {[%emt 0:00:16]} h6 {[%emt 0:00:04]} 7. Nf3 {[%emt 0:00:06]} Nd7 {[%emt 0:00:04]} 8. h5 {[%emt 0:00:19]} Bh7 {[%emt 0:00:05]} 9. Bd3 {[%emt 0:00:17]} Bxd3 {[%emt 0:00:06]} 10. Qxd3 {[%emt 0:00:05]} Ngf6 {[%emt 0:00:19]} 11. Bd2 {[%emt 0:00:17]} e6 {[%emt 0:00:09]} 12. O-O-O {[%emt 0:00:27]} Qc7 {[%emt 0:00:06]} 13. Kb1 {[%emt 0:02:05]} O-O-O {[%emt 0:00:39]} 14. Ne4 {[%emt 0:00:53]} c5 {[%emt 0:12:40]} 15. Nxf6 {[%emt 0:00:27]} Nxf6 {[%emt 0:00:20]} 16. Qc4 {[%emt 0:02:41]} Nd5 {[%emt 0:21:48]} 17. Rh4 {[%emt 0:12:10]} cxd4 {[%emt 0:15:54]} 18. Qa4 {[%emt 0:12:40]} Bc5 {[%emt 0:16:06]} 19. Nxd4 {[%emt 0:01:00]} Nb6 {[%emt 0:04:46]} 20. Nb5 {[%emt 0:04:51]} Nxa4 {[%emt 0:04:30]} 21. Nxc7 {[%emt 0:00:09]} Nxb2 {[%emt 0:02:05]} 22. Kxb2 {[%emt 0:01:34]} Kxc7 {[%emt 0:00:09]} 23. Rf4 {[%emt 0:09:13]} Rhf8 {[%emt 0:05:38]} 24. Ba5+ {[%emt 0:04:31]} b6 {[%emt 0:00:09]} 25. Rxd8 {[%emt 0:00:08]} Kxd8 {[%emt 0:00:05]} 26. Bc3 {[%emt 0:00:08]} f6 {[%emt 0:01:20]} 27. Re4 {[%emt 0:05:14]} Ke7 {[%emt 0:01:26]} 28. Ra4 {[%emt 0:05:37]} a5 {[%emt 0:01:36]} 29. Rc4 {[%emt 0:00:20]} Rc8 {[%emt 0:00:48]} 30. a4 {[%emt 0:05:25]} Kd6 {[%emt 0:00:36]} 31. Kb3 {[%emt 0:01:26]} Rc7 {[%emt 0:00:56]} 32. f4 {[%emt 0:04:19]} Kd5 {[%emt 0:01:19]} 33. g4 {[%emt 0:01:59]} Rb7 {[%emt 0:01:56]} 34. Bd2 {[%emt 0:02:37]} b5 {[%emt 0:04:07]} 35. Rc3 {[%emt 0:00:07]} bxa4+ {[%emt 0:06:08]} 36. Kxa4 {[%emt 0:00:17]} Rb4+ {[%emt 0:00:20]} 37. Kxa5 {[%emt 0:00:35]} Rd4 {[%emt 0:00:18]} 38. Rxc5+ {[%emt 0:09:20]} Kxc5 {[%emt 0:00:05]} 39. Be3 {[%emt 0:00:03]} Kc4 {[%emt 0:00:26]} 40. Bxd4 {[%emt 0:00:00]} Kxd4 {[%emt 0:00:04]} 41. Kb5 {[%emt 0:00:56]} Kc3 {[%emt 0:23:17]} 42. Kc5 {[%emt 0:01:26]} Kxc2 {[%emt 0:00:10]} 43. Kd6 {[%emt 0:02:14]} Kd3 {[%emt 0:00:05]} 44. Kxe6 {[%emt 0:01:12]} Ke4 {[%emt 0:00:05]} 45. Kf7 {[%emt 0:06:34]} Kxf4 {[%emt 0:00:25]} 46. Kxg7 {[%emt 0:00:08]} Kxg4 {[%emt 0:01:45]} 1/2-1/2

[Event "EIWCC 2018"]
[Site "Vysoke Tatry"]
[Date "2018.04.11"]
[Round "4"]
[White "Semenova, Elena"]
[Black "Kovanova, Baira"]
[Result "0-1"]
[WhiteElo "2221"]
[BlackElo "2368"]
[Annotator "TA"]
[PlyCount "102"]
[EventDate "2018.??.??"]
[EventType "swiss"]
[EventCountry "SVK"]
[SourceTitle "playchess.com"]
[Source "ChessBase"]
[SourceQuality "1"]

{[%evp 17,102,23,45,35,37,45,45,-6,2,-10,-4,-17,0,-34,-49,-189,-27,-160,-128,-136,-89,-177,-164,-185,-189,-175,-184,-189,-191,-193,-193,-168,-164,-172,-171,-162,-172,-182,-159,-229,-231,-310,-345,-437,-421,-363,-227,-225,-160,-214,-161,-165,-168,-141,-150,-135,-15,-112,-27,-1804,-1688,-1325,-903,-2849,-2993,-3543,-2995,-2740,-2834,-2381,-1719,-29984,-29985,-29985,-29983,-29983,-29984,-29988,-29989,-29989,-29990,-29990,-29991,-29991,-29986,-29986,-29987]} 1. e4 e5 2. Nf3 Nc6 3. Bb5 {[%cal Bf1b5,Bb5a4,Ba4b3][%mdl 32]} a6 4. Ba4 Nf6 5. O-O Be7 6. d3 b5 7. Bb3 d6 8. a3 {C84: Closed Ruy Lopez: Unusual White 6th moves} (8. c3 O-O 9. h3 Bb7 10. Nbd2 Re8 11. Ng5 Rf8 12. Re1 d5 13. exd5 Nxd5 14. Ndf3 Qd7 15. d4 exd4 16. cxd4 h6 {1-0 (44) Grischuk,A (2767)-So,W (2799) Berlin 2018}) 8... Bg4 9. Be3 O-O {LiveBook: 5 Games} 10. h3 {White is slightly better.} Be6 11. Bxe6 fxe6 12. Nc3 $146 (12. Nbd2 $14) ({Find the theoretical novelty and annotate with similar games:} 12. c3 d5 13. Qb3 Na5 14. Qc2 Nc6 15. Nbd2 Nh5 {1-0 (38) Johnston,D (1935)-Wang,W (1665) Madison 2017}) 12... Qe8 13. b4 Nh5 14. Kh2 Rd8 15. Qb1 d5 16. Bd2 ({Better is} 16. Ne2 $1 $15) 16... Kh8 $2 (16... Rxf3 $19 17. gxf3 Nd4) 17. a4 (17. Qd1 $11 {remains equal.}) 17... bxa4 18. Rxa4 dxe4 19. Nxe4 {[#]} (19. Ng5 $17 exd3 20. cxd3) 19... Rxf3 $1 $19 {[%mdl 512]} 20. gxf3 Nd4 $1 {[%csl LRa4,LRf3]} 21. Rxa6 Nxf3+ 22. Kh1 Nf6 $1 23. Nxf6 gxf6 $40 {[%mdl 128] Black goes for the king.} 24. Rg1 Nxd2 25. Qd1 {[#]} Ne4 $1 {[%mdl 512]} 26. Qe2 (26. dxe4 Rxd1) 26... Nd6 27. Qg4 {[%csl Gg1][%cal Rg4g7]} Qf7 28. c4 (28. Qg2 $17) 28... Nf5 29. c5 Nd4 (29... Rxd3 $2 30. Ra8+ Rd8 31. Rxd8+ Bxd8 32. Ra1 $17) 30. Ra7 f5 31. Qg2 Bf6 {Hoping for ...Ne2.} 32. Ra8 Qe8 33. Rga1 (33. Rxd8 $17 Qxd8 34. Ra1) 33... c6 34. Rxd8 Qxd8 35. b5 {[#] aiming for b6.} e4 $1 36. b6 {[#] Threatens to win with b7.} Nb3 ({Black should play} 36... Ne2 $1 $17 37. Rd1 Be5) 37. Ra7 (37. Rg1 $11) 37... exd3 (37... Nxc5 $17 38. d4 Bxd4) 38. Qf3 $2 {[%mdl 8192]} (38. b7 $11 d2 39. Ra8 d1=Q+ 40. Qg1 Qf3+ 41. Qg2 Qfd1+ 42. Qg1 Qf3+ 43. Qg2 Qfd1+) 38... d2 39. Qd1 Nxc5 40. b7 {[#]} Nxb7 $1 41. Rxb7 {[%mdl 4096] Endgame KQR-KQB} c5 {[%cal Bc6c5,Bc5c4,Bc4c3][%mdl 32]} 42. Rb1 c4 43. Qa4 c3 44. f3 Qc8 {Black mates.} 45. Qc2 Qc6 46. Kg2 Qc4 47. Rb8+ Kg7 48. Rb7+ Kg6 49. Rd7 Qe2+ 50. Kg1 Bd4+ 51. Rxd4 Qe3+ {Precision: White = 30%, Black = 54%.} 0-1

[Event "EIWCC 2018"]
[Site "Vysoke Tatry"]
[Date "2018.04.11"]
[Round "4"]
[White "Mikadze, Miranda"]
[Black "Osmak, Iulija"]
[Result "0-1"]
[WhiteElo "2216"]
[BlackElo "2361"]
[Annotator "NA"]
[PlyCount "68"]
[EventDate "2018.??.??"]
[EventType "swiss"]
[EventCountry "SVK"]
[SourceTitle "playchess.com"]
[Source "ChessBase"]
[SourceQuality "1"]
[TimeControl "40/5400+30:1800+30"]

{[%evp 17,54,-7,0,9,3,32767,0,-15,3,0,11,11,18,0,31,-31,-20,-35,-15,-17,13,0,12,6,12,32767,16,8,13,0,12,13,0,0,0,0,0,32767,0]} 1. e4 {[%emt 0:00:00]} e6 {[%emt 0:01:23]} 2. d4 {[%emt 0:00:00]} d5 {[%emt 0:00:06]} 3. Nc3 {[%emt 0:00:00]} Bb4 {[%emt 0:00:05]} 4. e5 {[%emt 0:03:36]} Ne7 {[%emt 0:00:36]} 5. Bd2 {[%emt 0:03:14]} b6 {[%emt 0:00:47]} 6. a3 {[%emt 0:01:26]} Bxc3 {[%emt 0:00:13] C16: French: 3 Nc3 Bb4 4 e5: Lines without ...c5} 7. Bxc3 {[%emt 0:00:14]} Ba6 {[%emt 0:01:16]} 8. Bxa6 {[%emt 0:03:21]} Nxa6 {[%emt 0:00:06]} 9. Bd2 $146 {[%emt 0:04:20]} ({Predecessor:} 9. Qd3 Nb8 10. O-O-O Qd7 11. Ne2 O-O 12. g4 c5 13. f4 Nbc6 14. Rdf1 {1-0 (54) Munguntuul,B (2397)-Socko,M (2471) Riadh 2017}) 9... c5 {[%emt 0:06:03]} 10. c3 {[%emt 0:00:04]} O-O {[%emt 0:00:43]} 11. Ne2 {[%emt 0:02:03]} Qd7 {[%emt 0:03:30]} 12. O-O {[%emt 0:02:57]} Rac8 {[%emt 0:00:59]} 13. Ng3 {[%emt 0:00:37]} cxd4 {[%emt 0:10:48]} 14. cxd4 {[%emt 0:00:05]} Rc4 {[%emt 0:00:14]} 15. Bc3 {[%emt 0:07:03]} Nc7 {[%emt 0:03:57]} 16. a4 {[%emt 0:01:02]} b5 {[%emt 0:03:27]} 17. axb5 {[%emt 0:09:34]} Nxb5 {[%emt 0:00:33]} 18. Ne2 {[%emt 0:00:05]} Nf5 {[%emt 0:08:45]} 19. Qd3 {[%emt 0:02:26]} Nxc3 {[%emt 0:05:06]} 20. bxc3 {[%emt 0:00:04]} Rb8 {[%emt 0:05:34]} 21. Rfb1 {[%emt 0:04:01]} Qc7 {[%emt 0:11:00]} 22. g3 {[%emt 0:03:18]} Ne7 {[%emt 0:00:46]} 23. Qc2 {[%emt 0:03:25]} g6 {[%emt 0:03:15]} 24. h4 {[%emt 0:00:21]} h5 {[%emt 0:02:14]} 25. Kg2 {[%emt 0:02:48]} Rxb1 {[%emt 0:00:37]} 26. Qxb1 {[%emt 0:00:07]} Rc6 {[%emt 0:01:04]} 27. Ra3 {[%emt 0:05:50]} Rb6 $11 {[%emt 0:02:36]} 28. Qa2 {[%emt 0:00:51]} Nc6 {[%emt 0:00:50]} 29. Nc1 {[%emt 0:04:52]} Nxd4 {[%emt 0:06:03]} 30. cxd4 {[%emt 0:07:44]} Qxc1 {[%emt 0:00:22]} 31. Rxa7 {[%emt 0:00:09]} Rb1 {[%emt 0:01:53]} 32. Ra8+ {[%emt 0:02:05]} Kg7 {[%emt 0:03:53]} 33. Kf3 {[%emt 0:00:08]} Qd1+ {[%emt 0:01:51]} 34. Kf4 {[%emt 0:00:17]} Qxd4+ {[%emt 0:00:08]} 0-1